Szczegóły MARC21

Homo patiens /

003 -Nazwa inst., której nr kontr. jest w polu 001 [,]
    • @
    • Nazwa instytucji, której n kontrolny jest w polu 001
    • NUKAT
005 -DATA I CZAS OSTATNIEJ MODYFIKACJI [,]
    • @
    • pole kontrolne
    • 20250714163133.0
020 -Międzynarod. znormalizowany nr książki - ISBN [ , ]
    • a
    • Numer ISBN
    • 8321105246 Find
040 -Instytucja sporządzająca opis [ , ]
    • a
    • Instytucja, która sporządziła opis (NP)
    • GD 015/JK
    • c
    • Instytucja, która sporządziła rekord (NP)
    • GD 015/JK
    • d
    • Instytucja, która zmodyfikowała rekord (P)
    • GD 015/GP
    • d
    • Instytucja, która zmodyfikowała rekord (P)
    • GD 015/EOs
    • d
    • Instytucja, która zmodyfikowała rekord (P)
    • LUBL KUL/JP
    • d
    • Instytucja, która zmodyfikowała rekord (P)
    • KR U/42KJs
    • d
    • Instytucja, która zmodyfikowała rekord (P)
    • KAT U/MPs
    • d
    • Instytucja, która zmodyfikowała rekord (P)
    • WA 14/ABs
041 -Język dokumentu [1, ]
    • a
    • Język tekstu (P)
    • polski
    • h
    • Język tekstu oryginalnego i/lub pośredniego (P)
    • niemiecki
942 -Rodzaj dokumentu [ , ]
    • c
    • Rodzaj dokumentu
    • Książka
100 -Hasło główne - nazwa osobowa [1, ]
    • a
    • Nazwa osobowa (NP)
    • Frankl, Viktor Emil
    • d
    • Daty biograficzne (NP)
    • (1905-1997).
    • 9
    • KHW
    • 235227
245 -Strefa tytułu i oznaczenia odpowiedzialności [1,0]
    • a
    • Tytuł
    • Homo patiens / Find
    • c
    • Pozostałe elementy strefy tytułu i oznaczenia odpowiedzialności (NP)
    • Viktor E. Frankl ; przeł. Roman Czernecki i Józef Morawski.
250 -Strefa wydania [ , ]
    • a
    • Oznaczenie wydania (NP)
    • Wyd. 3.
260 -Strefa adresu wydawniczego [ , ]
    • a
    • Miejsce wydania (P)
    • Warszawa :
    • b
    • Nazwa wydawcy (P)
    • Pax,
    • c
    • Data wydania (P)
    • 1984.
300 -Strefa opisu fizycznego [ , ]
    • a
    • Określenie formy książki i/lub objętość (NP)
    • 316, [4] s. ;
    • c
    • Format (NP)
    • 20 cm.
336 -Typ zawartości [ , ]
    • a
    • Termin opisujący typ zawartości
    • Tekst
    • b
    • Kod określający zawartość
    • txt
    • 2
    • Źródło (terminu i kodu)
    • rdacontent
337 -Typ mediów [ , ]
    • a
    • Tryb odtwarzania
    • Bez urządzenia pośredniczącego
    • b
    • Kod typu mediów
    • n
    • 2
    • Źródło (terminu i kodu)
    • rdamedia
338 -Typ/rodzaj nośnika [ , ]
    • a
    • Hasło opisujące typ nośnika
    • Wolumin
    • b
    • Kod typu nośnika
    • nc
    • 2
    • Źródło (terminu i kodu)
    • rdacarrier
380 -Deskryptor - Forma dzieła (P) [ , ]
    • a
    • forma dzieła (NP)
    • Książki
380 -Deskryptor - Forma dzieła (P) [ , ]
    • a
    • forma dzieła (NP)
    • Publikacje naukowe
388 -Deskryptor - czas powstania dzieła (P) [1, ]
    • a
    • Czas powstania dzieła (NP)
    • 1901-2000
388 -Deskryptor - czas powstania dzieła (P) [1, ]
    • a
    • Czas powstania dzieła (NP)
    • 1945-1989
500 -Uwaga ogólna [ , ]
    • a
    • Uwaga ogólna (NP)
    • W haśle nazwa drugiego tłumacza: Zdzisław Jaroszewski.
504 -Uwaga dot. bibliogr. załącznikowej [ , ]
    • a
    • Uwaga dot. bibliografii załącznikowej
    • Bibliogr. s. 297-304. Indeks.
505 -Uwaga dot. zawartości książki [0, ]
    • a
    • Uwaga dot. zawartości książki
    • Logoterapia i jej kliniczne zastosowanie; Pluralizm nauk a jedność człowieka; Człowiek wolny / Viktor E. Frankl.
080 -Uniwersalna Klasyfikacja Dziesiętna [ , ]
    • a
    • Symbol klasyfikacji
    • 111
    • 9
    • UKD
    • 2366
    • 2
    • Identyfikator wydania tablic
    • UDC-P058
    • b
    • Dopowiedzenie
    • Metafizyka ogólna. Ontologia. Pojęcie bytu. Istnienie. Istota. Substancja. Akcydensy. Akt. Możność. Byty możliwe. Byty stworzone. Byty niestworzone. Byty niematerialne. Relacje. Ruch. Zmiana. Rozwój.
080 -Uniwersalna Klasyfikacja Dziesiętna [ , ]
    • a
    • Symbol klasyfikacji
    • :141.113
648 -Hasło przedmiotowe - chronologia [ ,7]
    • a
    • Deskryptor chronologiczny
    • 1901-2000
    • 2
    • Źródło terminu
    • DBN
    • 9
    • KHW
    • 721448
648 -Hasło przedmiotowe - chronologia [ ,7]
    • a
    • Deskryptor chronologiczny
    • 1945-1989
    • 2
    • Źródło terminu
    • DBN
    • 9
    • KHW
    • 721450
650 -Hasło przedmiotowe [ ,7]
    • a
    • Hasło przedmiotowe
    • Analiza egzystencjalna.
    • 2
    • Źródło terminu
    • kaba
    • 9
    • KHW
    • 143670
650 -Hasło przedmiotowe [ ,7]
    • a
    • Hasło przedmiotowe
    • Cierpienie.
    • 2
    • Źródło terminu
    • kaba
    • 9
    • KHW
    • 105073
650 -Hasło przedmiotowe [ ,7]
    • a
    • Hasło przedmiotowe
    • Logoterapia.
    • 2
    • Źródło terminu
    • kaba
    • 9
    • KHW
    • 117665
650 -Hasło przedmiotowe [ ,7]
    • a
    • Hasło przedmiotowe
    • Wolność
    • x
    • Określnik rzeczowy
    • aspekt psychologiczny.
    • 2
    • Źródło terminu
    • kaba
    • 9
    • KHW
    • 406694
650 -Hasło przedmiotowe [ ,7]
    • a
    • Hasło przedmiotowe
    • Nihilizm (filozofia).
    • 2
    • Źródło terminu
    • kaba
    • 9
    • KHW
    • 121470
650 -Hasło przedmiotowe [ ,7]
    • a
    • Hasło przedmiotowe
    • Psychoterapia.
    • 2
    • Źródło terminu
    • kaba
    • 9
    • KHW
    • 126999
650 -Hasło przedmiotowe [ ,7]
    • a
    • Hasło przedmiotowe
    • Życie (filozofia).
    • 2
    • Źródło terminu
    • kaba
    • 9
    • KHW
    • 140983
650 -Hasło przedmiotowe [ ,7]
    • a
    • Hasło przedmiotowe
    • Etyka chrześcijańska.
    • 2
    • Źródło terminu
    • kaba
    • 9
    • KHW
    • 108079
650 -Hasło przedmiotowe [ ,7]
    • a
    • Hasło przedmiotowe
    • Antropologia filozoficzna.
    • 2
    • Źródło terminu
    • kaba
    • 9
    • KHW
    • 101457
650 -Hasło przedmiotowe [ ,7]
    • a
    • Hasło przedmiotowe
    • Cierpienie
    • 2
    • Źródło terminu
    • DBN
    • 9
    • KHW
    • 724918
650 -Hasło przedmiotowe [ ,7]
    • a
    • Hasło przedmiotowe
    • Ból
    • 2
    • Źródło terminu
    • DBN
650 -Hasło przedmiotowe [ ,7]
    • a
    • Hasło przedmiotowe
    • Etyka chrześcijańska
    • 2
    • Źródło terminu
    • DBN
    • 9
    • KHW
    • 721966
650 -Hasło przedmiotowe [ ,7]
    • a
    • Hasło przedmiotowe
    • Logoterapia
    • 2
    • Źródło terminu
    • DBN
650 -Hasło przedmiotowe [ ,7]
    • a
    • Hasło przedmiotowe
    • Nihilizm
    • 2
    • Źródło terminu
    • DBN
    • 9
    • KHW
    • 741068
650 -Hasło przedmiotowe [ ,7]
    • a
    • Hasło przedmiotowe
    • Psychoterapia
    • 2
    • Źródło terminu
    • DBN
    • 9
    • KHW
    • 721978
650 -Hasło przedmiotowe [ ,7]
    • a
    • Hasło przedmiotowe
    • Wolność
    • 2
    • Źródło terminu
    • DBN
    • 9
    • KHW
    • 722719
650 -Hasło przedmiotowe [ ,7]
    • a
    • Hasło przedmiotowe
    • Życie
    • 2
    • Źródło terminu
    • DBN
    • 9
    • KHW
    • 721709
650 -Hasło przedmiotowe [ ,7]
    • a
    • Hasło przedmiotowe
    • Antropologia filozoficzna
    • 2
    • Źródło terminu
    • DBN
    • 9
    • KHW
    • 721665
655 -Hasło w funkcji tematu formalnego [ ,7]
    • a
    • Hasło
    • Opracowanie
    • 2
    • Źródło terminu
    • DBN
    • 9
    • KHW
    • 721206
658 -Ujęcie treści [ , ]
    • a
    • dziedzina nauki i sztuki/ sfera aktywności życiowej
    • Filozofia i etyka
980 -Symbol UKD [ , ]
    • a
    • UKD
    • 111:141.113
700 -Hasło dodatkowe - nazwa osobowa [1,2]
    • a
    • Nazwa osobowa (NP)
    • Frankl, Viktor Emil Find
    • d
    • Daty biograficzne (NP)
    • (1905-1997).
    • t
    • Tytuł ujednolicony/tytuł (NP)
    • Człowiek wolny Find
    • 9
    • KHW
    • 482578
700 -Hasło dodatkowe - nazwa osobowa [1,2]
    • a
    • Nazwa osobowa (NP)
    • Frankl, Viktor Emil Find
    • d
    • Daty biograficzne (NP)
    • (1905-1997).
    • t
    • Tytuł ujednolicony/tytuł (NP)
    • Logoterapia i jej kliniczne zastosowanie Find
    • 9
    • KHW
    • 482579
700 -Hasło dodatkowe - nazwa osobowa [1,2]
    • a
    • Nazwa osobowa (NP)
    • Frankl, Viktor Emil Find
    • d
    • Daty biograficzne (NP)
    • (1905-1997).
    • t
    • Tytuł ujednolicony/tytuł (NP)
    • Pluralizm nauk a jedność człowieka Find
    • 9
    • KHW
    • 482580
700 -Hasło dodatkowe - nazwa osobowa [1, ]
    • a
    • Nazwa osobowa (NP)
    • Czernecki, Roman Find
    • d
    • Daty biograficzne (NP)
    • (1904-1986).
    • e
    • Określenie rodzaju współpracy
    • Tł.
    • 9
    • KHW
    • 232885
700 -Hasło dodatkowe - nazwa osobowa [1, ]
    • a
    • Nazwa osobowa (NP)
    • Jaroszewski, Zdzisław Find
    • d
    • Daty biograficzne (NP)
    • (1906-2000).
    • e
    • Określenie rodzaju współpracy
    • Tł.
    • 9
    • KHW
    • 482581
710 -Hasło dodatkowe - nazwa ciała zbiorowego [2, ]
    • a
    • Nazwa ciała zbiorowego lub nazwa geograficzna jako pierwszy element (NP)
    • Instytut Wydawniczy "Pax".
    • 4
    • Kod relacji
    • pbl
    • 9
    • KHW
    • 53061
920 -ISBN [ , ]
    • a
    • ISBN
    • 83-211-0524-6 Find
Data inwentaryzacji Lokalizacja Status udost. Numer inwentarzowy Sygnatura
1994-03-17BG1Pd.7092 
 BNS1ANS.1576231.12/F-85